El monitor
El Monitor ofrece un espacio para pensar y debatir sobre aquellas temáticas de la educación que interesan a toda la comunidad educativa. Esta versión televisiva de la prestigiosa revista El monitor nos da la oportunidad de aprender y analizar los caminos indicados para lograr una escuela mejor, demo...
Guardado en:
| Autores Corporativos: | , , , |
|---|---|
| Otros Autores: | , , |
| Formato: | |
| Idioma: | Undetermined |
| Publicado: |
Buenos Aires :
Canal Encuentro,
2007.
|
| Series: | Colección Encuentro ;
11 |
| Materias: | |
| Etiquetas: |
Agregar Etiqueta
Sin Etiquetas, Sea el primero en etiquetar este registro!
|
| LEADER | 01552ngm a22003015a 4500 | ||
|---|---|---|---|
| 001 | CEM.cems021042 | ||
| 008 | 240417s2007####ag#---############vlund#d | ||
| 005 | 20240417211915.0 | ||
| 245 | 1 | 0 | |a El monitor |h [videograbación] / |c Canal Encuentro. |
| 260 | |a Buenos Aires : |b Canal Encuentro, |c 2007. | ||
| 300 | |a 60'. | ||
| 490 | 1 | |a Colección Encuentro ; |v 11 | |
| 520 | |a El Monitor ofrece un espacio para pensar y debatir sobre aquellas temáticas de la educación que interesan a toda la comunidad educativa. Esta versión televisiva de la prestigiosa revista El monitor nos da la oportunidad de aprender y analizar los caminos indicados para lograr una escuela mejor, democrática y justa, que recupere su rol en la sociedad. | ||
| 505 | 0 | |a CAPÍTULOS INCLUÍDOS EN EL DVD -- 1. Escuela y Educación sexual -- 2. Escuela y memoria -- 3. ¿De quién y para quién es la escuela? -- Ideas para el aula -- Duración aproximada por capítulo 60' | |
| 538 | |a Soporte: DVD - Formato: DVD Peso: 3.78gb - Resolución: 720 x 576 - 25fps | ||
| 110 | 2 | |a Canal Encuentro. | |
| 700 | 1 | |a Rosenfeldt, María; Productora delegada. | |
| 700 | 1 | |a Gómez Ortega, Mateo; Dirección general del proyecto. | |
| 700 | 1 | |a Mir, Lalo; Conducción. | |
| 710 | 2 | |a Ministerio de Educación Ciencia y Tecnología. | |
| 710 | 2 | |a Educ.ar. | |
| 710 | 2 | |a Promofilm. | |
| 653 | |a ARGENTINA | ||
| 653 | |a EDUCACIÓN | ||
| 653 | |a REFLEXIÓN | ||
| 653 | |a DEBATE | ||
| 653 | |a EDUCACIÓN SEXUAL | ||
| 859 | |a CEMS |b BIB. CEMS - Depto. Recursos Didacticos |h 982 |i ENC-11 |k DRD |p 3367.24 |t Ej.1 | ||
